00519nam a22001812 4500001001100000005001700011008004100028020001700069040001500086100003200101245007000133250001300203260003000216300001700246650003700263700003400300852000300334000001843820151217145903.0091029s xx 000 0 eng d a1844804528 : aKABUcKABU1 aWard, Patricia.@000017769410aDatabase management systems /cPatricia Ward and George Dafoulas. a1st ed. aLondon :bThomson,c2006. axiv, 334 p. 0aDatabase management.@00001481841 aDafoulas, George.@00001776951